000 01099nam a2200241Ia 4500
003 OSt
005 20230704124814.0
008 191128s1991 ck gr 000 0 spa d
040 _aCo-JMCR
_cCo-JMCR
041 0 _aspa
082 0 4 _a368.43 /
_bC653s
_223
111 2 _aColombia. Memorias del tercer congreso colombiano de seguridad social : (Noviembre : 1991 :
_cCali)
_99155
245 1 3 _aLa seguridad social frente a la constitución nacional /
_cMemorias del Tercer Congreso Colombiano de Seguridad Social
260 _aCali :
_bFundación para la Educación superior,
_c1991.
300 _a398 páginas ;
_c22 cm.
300 _c 22 cm
500 _aIncluye índice temático.
505 0 _aPropuesta para la restructuración de la seguridad social / Asociación Medic asindical -- La nueva constitución y el derecho a la seguridad social / Jaime Benitez Tobón -- Liquidación de cesantías anual: Una buena inversión / Fernando Borda Suárez
650 2 4 _aRestructuración
_99156
650 2 4 _aSeguridad social
_96217
650 2 4 _aLiquidación cesantías
_99157
942 _2ddc
_cBK
999 _c6061
_d6061